000 00474nam a2200181Ia 4500
008 090124s9999 xx 000 0 und d
082 _b120496
100 _aखेडकर सुशीला
245 _a फुलोरा
250 _a1
260 _c1984
300 _a195
600 _aखेडकर सुशीला
630 _a फुलोरा
700 _aखेडकर सुशीला
730 _a फुलोरा
942 _cBOOK
999 _c166582
_d166582